MARC

LEADER 00000nam0a2200000 4500
001 24018
005 20231030200033.0
010 |a 5893492595 
010 |a 5-02-022548-7 
035 |a (RuTPU)RU\TPU\book\24243 
035 |a BOOK00024316 
090 |a 24018 
100 |a 20011209d2000 m y0rusy50 ca 
101 0 |a rus  |a lat 
102 |a RU 
105 |a y e 000zy 
200 1 |a Lingua Latina  |d Русско-латинский словарь  |e 15 000  |f А. В. Подосинов, А. М. Белов 
210 |a Москва  |c Флинта  |c Наука  |d 2000 
215 |a 376 с. 
510 1 |a Русско-латинский словарь 
610 1 |a латинский язык 
610 1 |a словари 
686 |a Ш146-4  |v LBC/SL-A  |2 rubbk 
700 1 |a Подосинов  |b А. В.  |g Александр Васильевич 
701 1 |a Белов  |b А. М.  |g Алексей Михайлович 
801 0 |a RU  |b 63413507  |c 20011209  |g PSBO 
801 2 |a RU  |b 63413507  |c 20100531  |g PSBO 
942 |c BK